| 000 | 00393nam a2200133 a 4500 | ||
|---|---|---|---|
| 001 | 000038970 | ||
| 005 | 20240710114449.0 | ||
| 008 | 130509s2000 dr 000 0 spa d | ||
| 040 |
_aDO-SdBNP _bspa _cBNPHU |
||
| 100 | 1 |
_aCastillo Javier, Gerardo, _d1963- _91677 |
|
| 245 | 1 | 0 |
_aEntre dragones / _cGerardo Castillo Javier. |
| 260 |
_aSanto Domingo : _b[s.l.], _c[2000]. |
||
| 300 |
_a116 p. ; _c20 cm. |
||
| 999 |
_c38460 _d38460 |
||